000 01118nam a2200289 4500
003 EG-GICUC
005 20260427110355.0
008 260427s1977 sz ||||fr|||| 00| 0 ara d
040 _a EG-GICUC
_bara
_c EG-GICUC
_d EG-GICUC
_erda
082 0 4 _221
_a341.6
_bس ي . م
092 0 4 _221
099 _aLaw 11 341.6 س ي . م 1977
100 0 _aسيد هاشم
_eمؤلف.
245 1 0 _aالقانون الحربي (القانون الدولي الإنساني) /
_cاعداد اللواء سيد هاشم.
246 _aIntroduction to the International Humanitarian Law.
264 1 _aجنيف:
_bاللجنة الدولية للصليب الاحمر,
_c1977.
300 _a15 صفحة
_bإيضاحيات، صور، مثيليات ؛
_c24 سم
336 _2rda content
_atext
337 _2rda media
_aComputer
338 _2rda carrier
_aOnline Resource
504 _a. 240-220 ببليوجرافيا: صفحات.
650 1 _aالقانون الدولي العام
_2qrmak
651 1 _2qrmak
856 4 0 _uhttps://fll.law.cu.edu.eg/fulltext/bks/B11-07758.pdf
905 _a31
942 _2ddc
_n0
_cBK
_e21
999 _c73627
_d73627